Üdvözlet Pöstyénből - Jeruzsalem utca
Zobrazenie: Pohľad na vtedajšiu Jeruzalemskú ulicu. V popredí stojí vpravo žena s dvomi deťmi a vľavo od nich je muž. Vľavo je za mužom nárožná budova a za ňou rad listnatých stromov. Vpravo je rad domov, pred nimi chodník a na jeho okraji rad mladých listnatých stromov. Vľavo hore v rohu trčí do zá...
| Format: | Postcard |
|---|---|
| Language: | Hungarian German |
| PhysicalDescription: | 1 pohľadnica čiernobiela 10 x 14 cm |
| Published: |
Pöstyén
Gipsz H.
[medzi 1905 a 1930?]
|
| Subjects: |
MARC
| LEADER | 00000nkm a2200000 a 4500 | ||
|---|---|---|---|
| 001 | vtls011823150 | ||
| 003 | SK-MaSNL | ||
| 005 | 20260512124225.0 | ||
| 007 | kp bo | ||
| 008 | 230718q1905 xo g kuhun | ||
| 015 | |a SNBG | ||
| 035 | |a urn:nbn:sk:snk-km00dq6r | ||
| 035 | |a urn:nbn:sk:snk-km3lx7a | ||
| 035 | |a 2478F7B4-0332-4FBF-9FA4-B9DDDB248F64 | ||
| 040 | |a SNK |b slo |c SNK |e AACR2 | ||
| 041 | 0 | |a hun |a ger | |
| 043 | |a e-xo--- | ||
| 044 | |a xo |c SK | ||
| 072 | 7 | |a 913 |x Regionálna geografia |2 konspekt | |
| 080 | |a 913(437.6) |2 2011 | ||
| 080 | |a 711.73 |2 2011 | ||
| 080 | |a (084.121) |2 2011 | ||
| 245 | 0 | 0 | |a Üdvözlet Pöstyénből - Jeruzsalem utca |h grafika |
| 246 | 3 | 1 | |a Gruss aus Pöstyén - Jerusalem Gasse |
| 260 | |a Pöstyén |b Gipsz H. |c [medzi 1905 a 1930?] | ||
| 300 | |a 1 pohľadnica |b čiernobiela |c 10 x 14 cm | ||
| 500 | |a Názvové údaje prevzaté z obrazovej časti pohľadnice | ||
| 520 | 8 | |a Zobrazenie: Pohľad na vtedajšiu Jeruzalemskú ulicu. V popredí stojí vpravo žena s dvomi deťmi a vľavo od nich je muž. Vľavo je za mužom nárožná budova a za ňou rad listnatých stromov. Vpravo je rad domov, pred nimi chodník a na jeho okraji rad mladých listnatých stromov. Vľavo hore v rohu trčí do záberu konár listnatého stromu | |
| 546 | |a Súbežný názov v nem. | ||
| 650 | 0 | 7 | |a ulice |2 SNKPH |9 2938 |
| 651 | 7 | |a Piešťany (Slovensko) |2 SNKPHgeo |9 23981 | |
| 655 | 7 | |a miestne pohľadnice |2 SNKPH |9 70510 | |
| 752 | |a Slovensko |d Piešťany | ||
| 852 | |a Slovenská národná knižnica | ||
| 954 | |a pohľadnice pôvodné (slovenské) |2 lita | ||
| 958 | |a OND | ||
| 958 | |a GBN | ||
| 958 | |a GC | ||
| 958 | |a EUIPO | ||
| 999 | |c 860973 |d 862903 | ||
| 952 | |a SNK |b SNK |y PREZ |7 0 |p 17A1288738 |o snkSP 132504 |0 0 |1 0 |4 0 |d 2018-11-16 |f 1 |l 0 |r 2026-02-24 05:11:18 |w 2026-02-24 | ||


